000
00319nam a22001457a 4500
003
ASAB
005
20180827062644.0
008
131204t xxu||||| |||| 00| 0 eng d
022
_2
978-1-4051-3603-7
040
_c
Asab
100
_a
Bharat Singh
_9
384
245
_a
Immunology
300
_a
406 P.
942
_2
ddc
_c
BK
999
_c
480143
_d
480143